Art of lecturing (Record no. 362493)

000 -LEADER
fixed length control field 00390cam a22001457a 4500
008 - FIXED-LENGTH DATA ELEMENTS--GENERAL INFORMATION
fixed length control field 180718b1959 xxu||||| |||| 00| 0 eng d
082 ## - DEWEY DECIMAL CLASSIFICATION NUMBER
Classification number A35 C547
100 ## - MAIN ENTRY--PERSONAL NAME
Personal name Clark, G. Kitson
245 ## - TITLE STATEMENT
Title Art of lecturing
Statement of responsibility, etc. by G. Kitson Clark and E. Bidder Clark
250 ## - EDITION STATEMENT
Edition statement 2nd ed.
260 ## - PUBLICATION, DISTRIBUTION, ETC.
Place of publication, distribution, etc. Cambridge
Name of publisher, distributor, etc. Reffer
Date of publication, distribution, etc. 1959
300 ## - PHYSICAL DESCRIPTION
Extent 41p.
650 ## - SUBJECT ADDED ENTRY--TOPICAL TERM
Topical term or geographic name entry element Public Speaking
700 ## - ADDED ENTRY--PERSONAL NAME
Personal name Clark, E. Bidder
Holdings
Withdrawn status Lost status Damaged status Not for loan Permanent Location Current Location Date acquired Full call number Barcode Date last seen Price effective from Koha item type
        Indian Institute of Public Administration Indian Institute of Public Administration 1994-03-23 A35 C547 19482 2018-07-21 2018-07-21 Book

Powered by Koha